|
|
|
|
| LEADER |
01101nam a2200337 4500 |
| 001 |
DLU090092570 |
| 005 |
##20091201 |
| 040 |
# |
# |
|a DLU
|b eng
|
| 041 |
# |
# |
|a eng
|
| 044 |
# |
# |
|a us
|
| 245 |
# |
# |
|a Development of reverse transcription (RT)-PCR and real-time RT-PCR assays for rapid detection and quantification of viable yeasts and molds contaminating yogurts and pasteurized food products /
|c Gianluca Bleve ... [et al.].
|
| 653 |
# |
# |
|a Actin
|
| 653 |
# |
# |
|a Food commodities
|
| 653 |
# |
# |
|a Fungi
|
| 653 |
# |
# |
|a Molds
|
| 653 |
# |
# |
|a Reverse transcriptase PCR
|
| 653 |
# |
# |
|a Yeasts
|
| 700 |
# |
# |
|a Bleve, Gianluca.
|
| 700 |
# |
# |
|a Dellaglio, Franco.
|
| 700 |
# |
# |
|a Rizzotti, Lucia.
|
| 700 |
# |
# |
|a Torriani, Sandra.
|
| 773 |
# |
# |
|t Applied and Environmental Microbiology
|g Vol. 69, no. 7 (July 2003), p. 4116-4122
|
| 920 |
# |
# |
|a Phòng Tạp chí -- Trung tâm Thông tin - Thư viện Trường Đại học Đà Lạt
|
| 994 |
# |
# |
|a DLU
|
| 900 |
# |
# |
|a True
|
| 911 |
# |
# |
|a Trương Bảo Trâm Anh
|
| 925 |
# |
# |
|a G
|
| 926 |
# |
# |
|a A
|
| 927 |
# |
# |
|a BB
|
| 980 |
# |
# |
|a Thư viện Trường Đại học Đà Lạt
|